00935nam a2200253 a 450000100100000000500170001000800410002702000150006804000250008304100390010808200160014710000310016324000460019424500980024026000300033830000280036850000210039653400660041770000280048370000240051104900090053595201200054499900170066400002323420200930022058.0101130s2000 sp a r 001 0 spa d a8424194179 aDO-SdBNPbspacBNPHU17aspahger2Código de idiomas MARC annnnbT351g1 aTeubner, Christian,94784810aBackvergnügen wie noch nie.lEspañol.13aEl gran libro de la reposteria /cChristian Teubner, Annette Wolter ; traducción de Diorki. aMadrid :bEverest,c2000. a320 p. :bil. ;c29 cm. aIncluye índice pTítulo original en alemán:tBackvergnügen wie noch nie.1 aWolter, Annette,9478491 aDiorki,etr.947850 aBNGR 001052708MOaGRbGRcCTd2010-11-30iLF1l0onnnn T351gp23234-10r2020-06-25w2020-06-25y2ZPréstamo interno c22731d22731